[Event "Asian Girls Chess Championship 2022"]
[Site "Knights Templar Hotel, Tagaytay City"]
[Date "2022.11.20"]
[Round "3"]
[Board "7"]
[White "Calimbo, Marian"]
[Black "Chua, Jia-Tien"]
[Result "1-0"]
[WhiteElo "1611"]
[BlackElo "1858"]
[PlyCount "0"]
[EventDate "2022.11.19"]
[EventRounds "9"]
[EventCountry "ACF"]

1. d4 d5 2. Nc3 Nf6 3. Bg5 Nbd7 4. Qd3 h6 5. Bh4 c5 6. O-O-O e6 7. e4 cxd4 8. Qxd4
Bc5 9. Qa4 g5 10. Bg3 d4 11. e5 Nd5 12. Nxd5 exd5 13. Nf3 O-O 14. Nxd4 Nb6 15. Qb5
Qe7 16. Nb3 Bb4 17. a3 Bxa3 18. bxa3 Qxa3+ 19. Kd2 Nc4+ 20. Ke1 Bf5 21. Bd3 Nb2 22.
Bxf5 Nxd1 23. Kxd1 Qb2 24. Kd2 d4 25. Qd3 a5 26. e6 Qc3+ 27. Qxc3 dxc3+ 28. Kxc3
fxe6 29. Bxe6+ Kg7 30. Ra1 b6 31. Nd4 Kf6 32. Bg4 Kg6 33. Rb1 Rf6 34. Bf3 Rc8+ 35.
Kd3 a4 36. Be4+ Kf7 37. Ra1 h5 38. Rxa4 h4 39. Ra7+ Ke8 40. Be5 Rh6 41. Rg7 Rc5 42.
Bg6+ Rxg6 43. Rxg6 Rxe5 44. Re6+ Rxe6 45. Nxe6  1-0

[Event "Asian Girls Chess Championship 2022"]
[Site "Knights Templar Hotel, Tagaytay City"]
[Date "2022.11.20"]
[Round "3"]
[Board "8"]
[White "Elisabeth, Christine"]
[Black "Femil, Chelladurai"]
[Result "1/2-1/2"]
[WhiteElo "1825"]
[BlackElo "1657"]
[PlyCount "0"]
[EventDate "2022.11.19"]
[EventRounds "9"]
[EventCountry "ACF"]

1. d4 d5 2. Nf3 e6 3. c4 Nf6 4. Nc3 Be7 5. Bg5 Nbd7 6. e3 O-O 7. Qc2 dxc4 8. Bxc4
c5 9. Rd1 cxd4 10. exd4 Nb6 11. Bb3 Nfd5 12. Bxe7 Qxe7 13. O-O Bd7 14. Rfe1 Bc6 15.
Ne5 Rac8 16. Nxc6 bxc6 17. Ne4 Rfd8 18. Nc5 Qg5 19. Qe4 Nf6 20. Qf3 Nbd5 21. g3 h5
22. h4 Qg4 23. Qg2 Qg6 24. Nd3 Ng4 25. Ne5 Nxe5 26. Rxe5 Ne7 27. Rc5 Qf6 28. Qe4
Nf5 29. Rxc6 Rxc6 30. Qxc6 Nxd4 31. Qe4 g6 32. Rd3 Nxb3 33. Rxb3 Kg7 34. Qe3 Qf5
35. Kg2 a5 36. Qc3+ Kg8 37. Qc7 Qd5+ 38. Kh2 e5 39. Rb7 Re8 40. Rb8 Rxb8 41. Qxb8+
Kg7 42. Qc7 Qxa2 43. Qxe5+ Kg8 44. Kg2 a4 45. Qc3 Kf8 46. Kf3 Qd5+ 47. Ke2 Ke7 48.
Qb4+ Ke6 49. Ke3 Qc6 50. Qe4+ Kd6 51. Qf4+ Ke6 52. Qe4+  1/2-1/2

[Event "Asian Girls Chess Championship 2022"]
[Site "Knights Templar Hotel, Tagaytay City"]
[Date "2022.11.21"]
[Round "4"]
[Board "1"]
[White "Nurgali, Nazerke"]
[Black "Serikbay, Assel"]
[Result "1/2-1/2"]
[WhiteElo "2197"]
[BlackElo "2250"]
[PlyCount "0"]
[EventDate "2022.11.19"]
[EventRounds "9"]
[EventCountry "ACF"]

1. Nf3 d5 2. d4 Nf6 3. c4 c6 4. Nc3 a6 5. cxd5 cxd5 6. Bf4 Nc6 7. e3 e6 8. Bd3 Bd6
9. Bg5 O-O 10. O-O h6 11. Bh4 Be7 12. Rc1 Ne8 13. Bxe7 Qxe7 14. Qe2 Bd7 15. Rfd1
Nd6 16. b3  1/2-1/2

[Event "Asian Girls Chess Championship 2022"]
[Site "Knights Templar Hotel, Tagaytay City"]
[Date "2022.11.21"]
[Round "4"]
[Board "2"]
[White "Kairbekova, Amina"]
[Black "Bach, Ngoc Thuy Duong"]
[Result "0-1"]
[WhiteElo "2212"]
[BlackElo "2164"]
[PlyCount "0"]
[EventDate "2022.11.19"]
[EventRounds "9"]
[EventCountry "ACF"]

1. e4 c5 2. Nf3 d6 3. d4 cxd4 4. Nxd4 Nf6 5. Nc3 a6 6. f3 e5 7. Nb3 Be6 8. Be3 Be7
9. Qd2 Nbd7 10. g4 b5 11. g5 Nh5 12. O-O-O O-O 13. Kb1 Nb6 14. Nd5 Bxd5 15. exd5
Rc8 16. Na5 Qc7 17. Bh3 Rce8 18. Bg4 Nf4 19. Bxf4 exf4 20. h4 Nxd5 21. Qxd5 Qxa5
22. h5 Qb4 23. g6 Bf6 24. gxf7+ Rxf7 25. c3 Bxc3 26. Rh2 Be5 27. Be6 Rxe6 28. Qxe6
Qc4 29. Qe8+ Rf8 30. Qd7 Rc8 31. h6 g6 32. Qb7 Rc6 33. Qa8+ Kf7 34. Qa7+ Kg8 35.
Qe7 Rc8 36. a3 Qc6 37. Qe6+ Kf8 38. Re2 Re8 39. Qg4 Rc8 40. Qe6 Re8 41. Qg4 Rc8 42.
Qg2 Kf7 43. Rc2 Qxc2+ 44. Qxc2 Rxc2 45. Kxc2 g5 46. b4 Kg6 47. Kd3 Kxh6 48. Rc1 Kg6
49. Ke4 h5 50. Rc6 g4 51. fxg4 hxg4 52. Rxa6 f3 53. Ke3 Kf5 54. Ra8 Bf4+ 55. Kf2
Ke4 56. Re8+ Be5 57. a4 g3+ 58. Kf1 bxa4 59. b5 a3  0-1

[Event "Asian Girls Chess Championship 2022"]
[Site "Knights Templar Hotel, Tagaytay City"]
[Date "2022.11.21"]
[Round "4"]
[Board "3"]
[White "Rakshitta, Ravi"]
[Black "Bhagyashree, Patil"]
[Result "1-0"]
[WhiteElo "2219"]
[BlackElo "1921"]
[PlyCount "0"]
[EventDate "2022.11.19"]
[EventRounds "9"]
[EventCountry "ACF"]

1. e4 c6 2. d4 d5 3. e5 Bf5 4. Ne2 e6 5. Ng3 Bg6 6. h4 h5 7. Be2 Nd7 8. c3 Be7 9.
Bxh5 Bxh5 10. Nxh5 g6 11. Nf4 Rxh4 12. Rxh4 Bxh4 13. Qg4 Nf8 14. Nd2 Qg5 15. Qf3
Qf5 16. g4 Qc2 17. Nf1 Rc8 18. Ne3 Qa4 19. Qh3 g5 20. Nd3 b6 21. b3 Qa6 22. c4 c5
23. dxc5 bxc5 24. Qf1 d4 25. Ng2 Qc6 26. Nxh4 gxh4 27. f3 Ng6 28. Kf2 f6 29. exf6
Nxf6 30. Bg5 Kf7 31. Qe2 Qd6 32. f4 Qc6 33. Bxf6 Kxf6 34. Re1 h3 35. Kg3 Rh8 36.
Kh2 Rh4 37. Rg1 Kf7 38. Rg3 a6 39. f5 exf5 40. gxf5 Nf4 41. Nxf4 Rxf4 42. Qh5+  1-0

[Event "Asian Girls Chess Championship 2022"]
[Site "Knights Templar Hotel, Tagaytay City"]
[Date "2022.11.21"]
[Round "4"]
[Board "4"]
[White "Asgharzadeh, Mitra"]
[Black "Calimbo, Marian"]
[Result "1-0"]
[WhiteElo "2001"]
[BlackElo "1611"]
[PlyCount "0"]
[EventDate "2022.11.19"]
[EventRounds "9"]
[EventCountry "ACF"]

1. e4 g6 2. Nf3 Bg7 3. d3 d6 4. g3 c5 5. Bg2 Nc6 6. O-O Nf6 7. Re1 Nd7 8. c3 O-O
9. Nbd2 Rb8 10. Nf1 b5 11. h4 Qb6 12. Ne3 e6 13. Ng4 h5 14. Ngh2 Nde5 15. Nxe5 Nxe5
16. g4 hxg4 17. Nxg4 Nxg4 18. Qxg4 b4 19. c4 Qd8 20. Bg5 Bf6 21. e5 dxe5 22. Rxe5
Kg7 23. h5 Rh8 24. hxg6 fxg6 25. Be4 Qf8 26. Qg3 Bd7 27. Bf4 Qf7 28. Rxc5 Rbc8 29.
Rxc8 Bxc8 30. Be5 Bd7 31. Kg2 Rh5 32. Bxf6+ Qxf6 33. Qc7 Qf7 34. Rh1 Rg5+ 35. Kf1
a5 36. Qd8 Rh5 37. Rxh5 gxh5 38. Qxa5 Qf4 39. Qxh5 Qc1+ 40. Kg2 Kf6 41. Qh8+ Ke7
42. Qg7+ Kd6 43. c5+  1-0

[Event "Asian Girls Chess Championship 2022"]
[Site "Knights Templar Hotel, Tagaytay City"]
[Date "2022.11.21"]
[Round "4"]
[Board "5"]
[White "Femil, Chelladurai"]
[Black "Sadey, Rinoa Mariel"]
[Result "1-0"]
[WhiteElo "1657"]
[BlackElo "1819"]
[PlyCount "0"]
[EventDate "2022.11.19"]
[EventRounds "9"]
[EventCountry "ACF"]

1. e4 e6 2. d4 d5 3. Nc3 Bb4 4. exd5 exd5 5. Qf3 Ne7 6. Bd3 Be6 7. Nge2 Nbc6 8. O-O
Qd7 9. a3 Bxc3 10. bxc3 O-O-O 11. Re1 h5 12. h3 f6 13. Nf4 Bf7 14. Bb5 g5 15. Nd3
Qd6 16. a4 g4 17. hxg4 hxg4 18. Qxg4+ f5 19. Qf4 Qg6 20. Bxc6 Nxc6 21. Re3 Qh5 22.
Rh3 Qd1+ 23. Kh2 Ne7 24. Ba3 Rxh3+ 25. gxh3 Qxa1 26. Bxe7 Rg8 27. Qxf5+ Kb8 28. Bg5
a6 29. h4 Bh5 30. Qh7 Rxg5 31. hxg5 Bf3 32. Kg3 Be4 33. Qh8+ Ka7 34. f3 Qg1+ 35.
Kf4 Qf1 36. Qh5 Bxd3 37. cxd3 Qxd3 38. g6 Qxc3 39. Qxd5 Qd2+ 40. Kf5 Qh6 41. Qc5+
Kb8 42. f4 b6 43. Qe5 Qh3+ 44. Kf6 Qh4+ 45. Kf7 Kb7 46. g7 Qh7 47. d5 a5 48. Qe6
Qh5 49. Kf8  1-0

[Event "Asian Girls Chess Championship 2022"]
[Site "Knights Templar Hotel, Tagaytay City"]
[Date "2022.11.21"]
[Round "4"]
[Board "6"]
[White "Zahedifar, Anahita"]
[Black "Chua, Jia-Tien"]
[Result "1-0"]
[WhiteElo "2121"]
[BlackElo "1858"]
[PlyCount "0"]
[EventDate "2022.11.19"]
[EventRounds "9"]
[EventCountry "ACF"]

1. Nf3 d5 2. c4 c6 3. g3 Nf6 4. Bg2 g6 5. b3 Bg7 6. Bb2 O-O 7. O-O Nbd7 8. Nc3 e5
9. cxd5 Nxd5 10. d4 Nxc3 11. Bxc3 e4 12. Ne5 f5 13. Nxd7 Bxd7 14. e3 Be6 15. Qc2
Rc8 16. Rfd1 Qe7 17. Rac1 Rfd8 18. Ba5 b6 19. Be1 c5 20. dxc5 Rxc5 21. Qe2 Rxd1 22.
Rxd1 Qc7 23. Bf1 Rc1 24. Kg2 Kf7 25. Bb4 Be5 26. Rd2 Rc6 27. Qd1 Rc1 28. Qe2 Rc6
29. Ba3 Bc3 30. Rd1 Qc8 31. Qb5 g5 32. g4 h6 33. Qa4  1-0

[Event "Asian Girls Chess Championship 2022"]
[Site "Knights Templar Hotel, Tagaytay City"]
[Date "2022.11.21"]
[Round "4"]
[Board "8"]
[White "Susmita, Bhowmick"]
[Black "Elisabeth, Christine"]
[Result "0-1"]
[WhiteElo "1331"]
[BlackElo "1825"]
[PlyCount "0"]
[EventDate "2022.11.19"]
[EventRounds "9"]
[EventCountry "ACF"]

1. d4 Nf6 2. Nf3 g6 3. Nbd2 Bg7 4. e4 d6 5. Be2 O-O 6. O-O a6 7. c4 Nc6 8. d5 Nb8
9. Ne1 e5 10. b4 a5 11. b5 Nbd7 12. Nd3 b6 13. a4 Ne8 14. Bb2 f5 15. f4 exf4 16.
Bxg7 Nxg7 17. exf5 g5 18. Bg4 Nf6 19. Nf2 Bxf5 20. h4 h6 21. Qf3 Qd7 22. Bxf5 Qxf5
23. hxg5 hxg5 24. g4 Qg6 25. Rae1 Rae8 26. Nfe4 Nxe4 27. Nxe4 Re5 28. Rf2 Rfe8 29.
Rfe2 R8e7 30. Qd3 Ne8 31. Kg2 Kf7 32. Qf3 Nf6 33. Nxf6 Qxf6 34. Qd3 Rxe2+ 35. Rxe2
Rxe2+ 36. Qxe2 Qe5 37. Qd3 Kf6 38. Kf3 Kg7 39. Kg2 Qf6 40. Kf2 Qb2+ 41. Kf3 Qh2 42.
Qf5 Qg3+ 43. Ke2 Qe3+ 44. Kf1 Qe7 45. Kf2 Qf6 46. Qd7+ Qf7 47. Qd8 Kg6 48. Qh8 Qg7
49. Qh5+ Kf6 50. Qe8 Qf7 51. Qd8+ Qe7 52. Qh8+ Qg7 53. Qd8+ Ke5 54. Qe8+ Kd4 55.
Qe2 Kc5 56. Kf3 Qc3+ 57. Kg2 Qxc4 58. Qf2+ Kxd5 59. Qd2+ Qd4  0-1

[Event "Asian Girls Chess Championship 2022"]
[Site "Knights Templar Hotel, Tagaytay City"]
[Date "2022.11.21"]
[Round "4"]
[Board "9"]
[White "Dhea, Safitri"]
[Black "Tan, Mary Joy"]
[Result "0-1"]
[WhiteElo "1787"]
[BlackElo "1751"]
[PlyCount "0"]
[EventDate "2022.11.19"]
[EventRounds "9"]
[EventCountry "ACF"]

1. e4 c5 2. Nf3 e6 3. d4 cxd4 4. Nxd4 a6 5. c4 Nf6 6. Nc3 Qc7 7. Bd3 Be7 8. O-O Nc6
9. Nxc6 bxc6 10. Qe2 d6 11. f4 e5 12. h3 Bb7 13. fxe5 dxe5 14. Be3 O-O 15. Qf2 Nd7
16. Na4 Qa5 17. b3 c5 18. Bd2 Qd8 19. Nc3 Nb8 20. Nd5 Nc6 21. Bc3 Nd4 22. Qg3 f6
23. Bxd4 cxd4 24. Rac1 Kh8 25. Qg4 Ba3 26. Rc2 Qd6 27. c5 Qd8 28. c6 Bc8 29. Qf3
Qd6 30. Nb6 Ra7 31. Nc4 Qe7 32. Nxa3 Qxa3 33. Rfc1 Qd6 34. Rc5 Qc7 35. b4 g6 36.
Qe2 Re8 37. g4 f5 38. gxf5 gxf5 39. Kh2 Rg8 40. Qf2 f4 41. Rg1 Qd6 42. Rxg8+ Kxg8
43. Qh4 Re7 44. Qg5+ Kh8  0-1

[Event "Asian Girls Chess Championship 2022"]
[Site "Knights Templar Hotel, Tagaytay City"]
[Date "2022.11.22"]
[Round "5"]
[Board "1"]
[White "Serikbay, Assel"]
[Black "Rakshitta, Ravi"]
[Result "1-0"]
[WhiteElo "2250"]
[BlackElo "2219"]
[PlyCount "0"]
[EventDate "2022.11.19"]
[EventRounds "9"]
[EventCountry "ACF"]

1. d4 Nf6 2. c4 e6 3. g3 d5 4. Nf3 dxc4 5. Bg2 Bd7 6. Ne5 Bc6 7. Nxc6 Nxc6 8. O-O
Qd7 9. e3 Nd5 10. Qe2 h5 11. Qxc4 h4 12. Nc3 O-O-O 13. Rd1 f5 14. Qe2 hxg3 15. hxg3
g5 16. e4 Nxc3 17. bxc3 f4 18. gxf4 Rh4 19. fxg5 Bd6 20. g6 Bh2+ 21. Kf1 Rg8 22.
Bg5 Rhh8 23. Rd3 Rxg6 24. f4 Qg7 25. Qf2 Rg8 26. Bh3 Bxf4 27. Bxf4 Rg1+ 28. Ke2 Rxa1
29. Bxe6+ Kb8 30. Rg3 Qxg3 31. Bxg3 Rh8 32. Qf7  1-0

[Event "Asian Girls Chess Championship 2022"]
[Site "Knights Templar Hotel, Tagaytay City"]
[Date "2022.11.22"]
[Round "5"]
[Board "2"]
[White "Bach, Ngoc Thuy Duong"]
[Black "Nurgali, Nazerke"]
[Result "1-0"]
[WhiteElo "2164"]
[BlackElo "2197"]
[PlyCount "0"]
[EventDate "2022.11.19"]
[EventRounds "9"]
[EventCountry "ACF"]

1. d4 d5 2. c4 e6 3. Nc3 Be7 4. cxd5 exd5 5. Bf4 Nf6 6. e3 Bf5 7. Nge2 O-O 8. Ng3
Be6 9. Bd3 c6 10. O-O Nbd7 11. Rc1 Nb6 12. h3 Re8 13. Qc2 h6 14. Rcd1 Bf8 15. Nge2
Nc8 16. Rfe1 Bd6 17. f3 Nh5 18. Bxd6 Nxd6 19. e4 Qh4 20. e5 Nc8 21. Rf1 Rf8 22. Kh2
f5 23. f4 g6 24. Na4 Qe7 25. Nc5 Ng7 26. b4 a6 27. a4 Nb6 28. Rb1 Kh8 29. b5 cxb5
30. axb5 a5 31. Rfc1 Rfc8 32. Qd2 Ra7 33. Ra1 Rca8 34. Nc3 Rc8 35. N3a4 Qd8 36. Nxb6
Qxb6 37. Qb2 Raa8 38. Ra3 Bf7 39. Rca1 Ne6 40. Nxe6 Bxe6 41. Be2 Rc7 42. Qd2 Rac8
43. R1a2 Rc1 44. Rxa5 Kh7 45. Qb4 Qd8 46. Ra7 R8c7 47. b6 Rg7 48. Ra8 Bc8 49. Qd2
Rc6 50. Rc2 g5 51. Rxc6 bxc6 52. Ba6 gxf4 53. Qxf4 Qg8 54. Qf2  1-0

[Event "Asian Girls Chess Championship 2022"]
[Site "Knights Templar Hotel, Tagaytay City"]
[Date "2022.11.22"]
[Round "5"]
[Board "3"]
[White "Zahedifar, Anahita"]
[Black "Asgharzadeh, Mitra"]
[Result "0-1"]
[WhiteElo "2121"]
[BlackElo "2001"]
[PlyCount "0"]
[EventDate "2022.11.19"]
[EventRounds "9"]
[EventCountry "ACF"]

1. d4 g6 2. c4 Bg7 3. Nf3 e6 4. Nc3 Ne7 5. Bf4 O-O 6. e3 d6 7. Be2 Nd7 8. h3 h6 9.
Qc2 a6 10. Bh2 b6 11. Rd1 Bb7 12. b4 Qe8 13. O-O e5 14. dxe5 dxe5 15. Nd5 Rc8 16.
e4 c5 17. bxc5 Nxd5 18. cxd5 Nxc5 19. Qb1 b5 20. Qb4 f5 21. Nd2 Na4 22. Nb1 Rc2 23.
Rd2 Rxd2 24. Qxd2 fxe4 25. Bg4 Kh7 26. Bd1 Nb6 27. Bb3 e3 28. Qxe3 Nxd5 29. Qe4 Qc6
30. Bxe5 Qe6 31. Re1 Re8 32. f4 Qb6+ 33. Kh2 Nc3 34. Qc2 Nxb1 35. Rxb1 Rxe5 36. fxe5
Bxe5+ 37. Kh1 Qe3 38. Rd1 Qxh3+ 39. Kg1 Qh2+ 40. Kf1 Qh1+ 41. Ke2 Qxg2+ 42. Ke3 Qf3+
43. Kd2 Be4 44. Qc5 Bf4+ 45. Ke1 Qh1+ 46. Ke2 Qg2+ 47. Qf2 Bf3+ 48. Ke1 Bg3 49. Rd7+
Kh8 50. Rd8+ Kg7 51. Rd7+ Kf6  0-1

[Event "Asian Girls Chess Championship 2022"]
[Site "Knights Templar Hotel, Tagaytay City"]
[Date "2022.11.22"]
[Round "5"]
[Board "4"]
[White "Kairbekova, Amina"]
[Black "Femil, Chelladurai"]
[Result "0-1"]
[WhiteElo "2212"]
[BlackElo "1657"]
[PlyCount "0"]
[EventDate "2022.11.19"]
[EventRounds "9"]
[EventCountry "ACF"]

1. e4 e5 2. Nf3 Nc6 3. d4 exd4 4. Nxd4 Bc5 5. Be3 Qf6 6. c3 Nge7 7. Bb5 d6 8. O-O
O-O 9. f4 Bxd4 10. cxd4 d5 11. e5 Qg6 12. Nc3 Bf5 13. Be2 Nb4 14. Qd2 Nc2 15. Rac1
Nxe3 16. Qxe3 c6 17. b4 b5 18. a4 a5 19. bxa5 b4 20. Nd1 Rxa5 21. Nb2 Be4 22. Rf2
f6 23. Qb3 Rb8 24. Bd3 Bxd3 25. Nxd3 Nf5 26. Nxb4 Nxd4 27. Qc3 fxe5 28. fxe5 Rxa4
29. Rcf1 h6 30. Qxd4 Raxb4 31. Qc5 Rb1 32. Rf8+ Rxf8 33. Qxf8+ Kh7 34. Qd6 Rb2 35.
Qxg6+ Kxg6 36. g4 Re2 37. Rc1 Rxe5 38. Rxc6+ Kg5 39. Kf2 Kxg4 40. Rg6+ Rg5 41. Rd6
Kh3 42. Kf3 Rf5+ 43. Ke3 Kxh2 44. Rg6 Rg5 45. Rd6 Kg3  0-1

[Event "Asian Girls Chess Championship 2022"]
[Site "Knights Templar Hotel, Tagaytay City"]
[Date "2022.11.22"]
[Round "5"]
[Board "5"]
[White "Mahdian, Anousha"]
[Black "Elisabeth, Christine"]
[Result "1/2-1/2"]
[WhiteElo "2081"]
[BlackElo "1825"]
[PlyCount "0"]
[EventDate "2022.11.19"]
[EventRounds "9"]
[EventCountry "ACF"]

1. d4 Nf6 2. c4 g6 3. Nc3 Bg7 4. e4 d6 5. Be2 O-O 6. h4 c5 7. d5 e6 8. h5 exd5 9.
exd5 Re8 10. Kf1 Ne4 11. Nxe4 Rxe4 12. Nf3 Bg4 13. hxg6 hxg6 14. Bg5 Qb6 15. Bd3
Re8 16. Rh4 Bxf3 17. gxf3 Nd7 18. f4 f5 19. Rb1 Nf6 20. Rh3 Ne4 21. Bh4 Qa5 22. Kg2
Kf7 23. f3 Nf6 24. Be1 Qc7 25. Qc2 Rh8 26. Bh4 Rae8 27. Rbh1 Qd7 28. Bg5 Rxh3 29.
Rxh3 Rh8 30. Rxh8 Bxh8 31. Qe2 Nh5 32. Bb1 Bf6 33. Qe3 Qe7 34. Qxe7+ Bxe7 35. b3
Bf6 36. Kf2 Bb2 37. Bc2 Bc1 38. Bd8 Bxf4 39. a3 Bc1 40. a4 Bd2 41. Ke2 Bb4 42. Bg5
Nf6 43. Kd3 Nd7 44. Bd1 Ne5+ 45. Kc2 Nd7 46. Kd3 Ne5+ 47. Kc2 Nd7  1/2-1/2

[Event "Asian Girls Chess Championship 2022"]
[Site "Knights Templar Hotel, Tagaytay City"]
[Date "2022.11.22"]
[Round "5"]
[Board "6"]
[White "Bhagyashree, Patil"]
[Black "Tan, Mary Joy"]
[Result "0-1"]
[WhiteElo "1921"]
[BlackElo "1751"]
[PlyCount "0"]
[EventDate "2022.11.19"]
[EventRounds "9"]
[EventCountry "ACF"]

1. d4 d5 2. Nf3 Nf6 3. g3 e6 4. Bg2 Be7 5. O-O O-O 6. c4 c6 7. b3 b6 8. Qc2 Bb7 9.
Nc3 Na6 10. Bb2 Rc8 11. Rfd1 Qc7 12. Rac1 Qb8 13. e4 c5 14. exd5 exd5 15. dxc5 dxc4
16. cxb6 cxb3 17. Qxb3 Nc5 18. Qb4 Qa8 19. Nh4 Bxg2 20. Nxg2 Qb7 21. Qb5 axb6 22.
Ne3 Qf3 23. Qf1 Rfd8 24. Nb5 Ne6 25. Rxc8 Rxc8 26. a4 Bc5 27. Re1 Ne4 28. Qg2 N6g5
29. Bc3 Bxe3 30. Rxe3 Qd1+ 31. Be1 Nc5  0-1

[Event "Asian Girls Chess Championship 2022"]
[Site "Knights Templar Hotel, Tagaytay City"]
[Date "2022.11.22"]
[Round "5"]
[Board "7"]
[White "Calimbo, Marian"]
[Black "Sadey, Rinoa Mariel"]
[Result "1-0"]
[WhiteElo "1611"]
[BlackElo "1819"]
[PlyCount "0"]
[EventDate "2022.11.19"]
[EventRounds "9"]
[EventCountry "ACF"]

1. d4 c5 2. e4 cxd4 3. Qxd4 Nc6 4. Qd3 e6 5. Nf3 Bc5 6. Be2 Nge7 7. O-O O-O 8. a3
a5 9. Nc3 f5 10. exf5 Nxf5 11. Ne4 Be7 12. Bg5 d5 13. Bxe7 Qxe7 14. Ng3 Nxg3 15.
hxg3 Qf6 16. Rab1 Rd8 17. Rfd1 e5 18. Qe3 Bf5 19. Rbc1 h6 20. Nh4 Bh7 21. Qf3 Nd4
22. Rxd4 exd4 23. Qb3 Rac8 24. Nf3 d3 25. Bd1 dxc2 26. Bxc2 Bxc2 27. Rxc2 Rxc2 28.
Qxc2 Qc6 29. Qd2 Qc5 30. Ne1 b6 31. Kh2 d4 32. Nd3 Qh5+ 33. Kg1 Qf5 34. Kf1 Re8 35.
Kg1 Qe4 36. Qc2 Kh8 37. Qa4 Rf8 38. Qc4 h5 39. Qb5 Qf5 40. Qc4 Rd8 41. a4 Kh7 42.
Kh2 Rd6 43. Kg1 Qe4 44. Qb5 Qd5 45. Qe8 Re6 46. Qc8 Qe4 47. Qc4 Rf6 48. Qb5 Rf5 49.
Qc4 Qe2 50. Qxd4 Qd1+ 51. Kh2 Qg4 52. Nf4 h4 53. Qd3 hxg3+ 54. fxg3 Kh6 55. b3 Rf6
56. Qd8 Kh7 57. Nh3 Rh6 58. Qd3+ Qg6 59. Qe3 Qe6 60. Qxe6  1-0

[Event "Asian Girls Chess Championship 2022"]
[Site "Knights Templar Hotel, Tagaytay City"]
[Date "2022.11.22"]
[Round "5"]
[Board "8"]
[White "Chua, Jia-Tien"]
[Black "Dhea, Safitri"]
[Result "0-1"]
[WhiteElo "1858"]
[BlackElo "1787"]
[PlyCount "0"]
[EventDate "2022.11.19"]
[EventRounds "9"]
[EventCountry "ACF"]

1. e4 e5 2. Nf3 Nc6 3. Bc4 Nf6 4. d4 exd4 5. O-O Nxe4 6. Re1 d5 7. Bxd5 Qxd5 8. Nc3
Qh5 9. Nxe4 Be6 10. Bg5 h6 11. Bf6 Qg6 12. Nh4 Qh7 13. Qh5 Be7 14. Bxe7 Kxe7 15.
Nc5 Nd8 16. Qd5 Re8 17. Re2 Kf8 18. Rae1 Kg8 19. h3 g5 20. Nf5 Qg6 21. Qf3 Nc6 22.
Nxb7 Ne7 23. Nxd4 Bd5 24. Qc3 Qf6 25. Nc5 Red8 26. Ne4 Bxe4 27. Rxe4 Rd7 28. Qc5
Rad8 29. c3 Ng6 30. Nc6 Rd5 31. Re8+ Kh7 32. Qc4 Rxe8 33. Rxe8 Rd1+ 34. Kh2 Qxf2
35. Re2 Qg1+ 36. Kg3 Qf1 37. Re4 Rd3+ 38. Kh2 Nh4 39. Rg4 Nf3+ 40. Kg3 Qe1#  0-1

[Event "Asian Girls Chess Championship 2022"]
[Site "Knights Templar Hotel, Tagaytay City"]
[Date "2022.11.22"]
[Round "5"]
[Board "9"]
[White "Cruz, Daniella Bianca"]
[Black "Susmita, Bhowmick"]
[Result "0-1"]
[WhiteElo "1233"]
[BlackElo "1331"]
[PlyCount "0"]
[EventDate "2022.11.19"]
[EventRounds "9"]
[EventCountry "ACF"]

1. e4 c5 2. Nf3 a6 3. a4 Nc6 4. g3 Nf6 5. Nc3 d6 6. Bg2 Bg4 7. h3 Bh5 8. d3 e6 9.
O-O Be7 10. Qe1 O-O 11. Nh2 Nd4 12. Qd2 Rb8 13. f4 Bg6 14. f5 exf5 15. exf5 Bxf5
16. g4 Be6 17. Ne4 Nxe4 18. Bxe4 d5 19. Bg2 Qd6 20. Qd1 Bf6 21. c3 Be5 22. Nf3 Nxf3+
23. Qxf3 b5 24. axb5 axb5 25. Bd2 d4 26. Rae1 Bg3 27. Bf4 Bxf4 28. Qxf4 Qxf4 29.
Rxf4 dxc3 30. bxc3 Rfd8 31. Re5 b4 32. Rf1 Rxd3 33. Rxc5 Rxc3 34. Rxc3 bxc3 35. Rc1
Rc8 36. Be4 Bb3 37. Kf2 Kf8 38. Ke3 g6 39. Kd3 c2 40. Ke2 Ke7 41. Ke3 Rc3+ 42. Bd3
Bc4 43. Kd4 Rxd3+ 44. Kxc4 Rxh3 45. Rxc2 Rg3 46. Re2+ Kf6 47. Rf2+ Kg5 48. Rxf7 Rxg4+
49. Kd5 h5 50. Rh7 h4 51. Ke5 Rg3 52. Ke4 Kg4 53. Rg7 Kh3 54. Kf4 g5+ 55. Rxg5 Rxg5
56. Kxg5 Kg3 57. Kh5 h3 58. Kg5 h2 59. Kh5 h1=Q+ 60. Kg5 Qd5+ 61. Kf6 Kf4 62. Kg7
Kg5 63. Kh8 Qd7 64. Kg8 Kg6 65. Kh8 Qg7#  0-1

[Event "Asian Girls Chess Championship 2022"]
[Site "Knights Templar Hotel, Tagaytay City"]
[Date "2022.11.22"]
[Round "6"]
[Board "1"]
[White "Asgharzadeh, Mitra"]
[Black "Bach, Ngoc Thuy Duong"]
[Result "1-0"]
[WhiteElo "2001"]
[BlackElo "2164"]
[PlyCount "0"]
[EventDate "2022.11.19"]
[EventRounds "9"]
[EventCountry "ACF"]

1. Nf3 d5 2. g3 Nf6 3. Bg2 c6 4. O-O Bf5 5. d3 e6 6. Nbd2 Be7 7. b3 h6 8. Bb2 O-O
9. Re1 Bh7 10. e4 a5 11. a3 Nbd7 12. h4 Re8 13. e5 Nh5 14. Nh2 g6 15. Ng4 Bf8 16.
Bh3 c5 17. Nf3 g5 18. Qd2 Bf5 19. hxg5 hxg5 20. Kg2 d4 21. Rh1 Bg6 22. Nxg5 Bg7 23.
Nf3 Kf8 24. Rae1 Nb6 25. Kg1 Nd5 26. Bg2 a4 27. Nh4 axb3 28. cxb3 Qb6 29. Nxg6+ fxg6
30. Qg5 Kf7 31. Be4 Ne7 32. Rxh5 gxh5 33. Qxh5+ Kf8 34. Nh6 Bxh6 35. Qxh6+ Kf7 36.
Qf6+ Kg8 37. Kg2 Rf8 38. Bh7+  1-0

[Event "Asian Girls Chess Championship 2022"]
[Site "Knights Templar Hotel, Tagaytay City"]
[Date "2022.11.22"]
[Round "6"]
[Board "2"]
[White "Femil, Chelladurai"]
[Black "Serikbay, Assel"]
[Result "1-0"]
[WhiteElo "1657"]
[BlackElo "2250"]
[PlyCount "0"]
[EventDate "2022.11.19"]
[EventRounds "9"]
[EventCountry "ACF"]

1. e4 c5 2. Nf3 d6 3. d4 cxd4 4. Nxd4 Nf6 5. f3 e6 6. c4 Be7 7. Nc3 O-O 8. Be3 a6
9. Be2 b6 10. O-O Bb7 11. Qd2 Nbd7 12. Rad1 Qc7 13. g4 g6 14. g5 Ne8 15. f4 e5 16.
Nc2 exf4 17. Bxf4 Nc5 18. Bf3 Ne6 19. Nd5 Bxd5 20. exd5 Nxf4 21. Qxf4 b5 22. b3 bxc4
23. bxc4 Ng7 24. Kh1 f6 25. Bg4 fxg5 26. Qe4 Bf6 27. Be6+ Kh8 28. Ne3 Be5 29. Ng4
Bf4 30. Rd3 Nxe6 31. dxe6 Rae8 32. Rb1 Qg7 33. Rdb3 Be5 34. Rb7 Re7 35. Nxe5 Rxb7
36. Rxb7 Qxe5 37. Qxe5+ dxe5 38. Kg2 Kg8 39. c5 Rc8 40. c6 Kf8 41. Rf7+ Kg8 42. c7
Re8 43. Rd7  1-0

[Event "Asian Girls Chess Championship 2022"]
[Site "Knights Templar Hotel, Tagaytay City"]
[Date "2022.11.22"]
[Round "6"]
[Board "3"]
[White "Tan, Mary Joy"]
[Black "Rakshitta, Ravi"]
[Result "0-1"]
[WhiteElo "1751"]
[BlackElo "2219"]
[PlyCount "0"]
[EventDate "2022.11.19"]
[EventRounds "9"]
[EventCountry "ACF"]

1. Nf3 Nf6 2. d4 d5 3. c4 e6 4. g3 dxc4 5. Bg2 a6 6. a4 Nc6 7. O-O Rb8 8. Qc2 b5
9. b3 Nb4 10. Qb2 Bb7 11. bxc4 bxc4 12. Na3 Bd5 13. Bg5 Be7 14. Qc1 c3 15. Bxf6 Bxf6
16. Qxc3 O-O 17. e3 c5 18. Ne5 cxd4 19. exd4 Bxg2 20. Kxg2 Qd5+ 21. Kg1 Rfc8 22.
Qe3 Nc6 23. Nxc6 Rxc6 24. Rab1 Rd8 25. Qb3 Qxb3 26. Rxb3 Bxd4 27. Rfb1 g6 28. Kg2
Kg7 29. Rd1 e5 30. Rbd3 Rb8 31. R1d2 Ba7 32. Rd7 Bd4 33. Nc2 Bc5 34. Ne1 Bb4 35.
Rb2 Rcb6 36. Nd3 Bc3 37. Rc2 Bd4 38. Rcc7 Rf6 39. f4 Re8 40. Nb4 Bb6 41. Rb7 exf4
42. Nd5 f3+  0-1